[Event "Plzen, FSB A"]
[Site "?"]
[Date "2004.??.??"]
[Round "4.13"]
[White "Heinzel, O."]
[Black "Bukacek, L."]
[Result "1/2-1/2"]
[WhiteElo "2402"]
[BlackElo "2091"]
[PlyCount "50"]
[EventDate "2004.??.??"]
[Source "ChessBase"]
[SourceDate "1996.11.15"]

1. d4 d5 2. Nf3 e6 3. Bf4 Nf6 4. e3 c6 5. Nbd2 Bd6 6. Ne5 O-O 7. Bd3 c5 8. c3
Nc6 9. Bg3 Ne7 10. f4 b6 11. Qb1 Nf5 12. Bxf5 exf5 13. Bh4 Be7 14. O-O Qd6 15.
Rd1 Ng4 16. Bxe7 Qxe7 17. Nxg4 fxg4 18. Nf1 Ba6 19. dxc5 Bxf1 20. Kxf1 Qxe3 21.
Qf5 Rae8 22. cxb6 Re4 23. Rd4 Qe2+ 24. Kg1 Qe3+ 25. Kf1 Qe2+ 1/2-1/2

[Event "Plzen, FSB A"]
[Site "?"]
[Date "2004.??.??"]
[Round "4.14"]
[White "Jenicek, M."]
[Black "Michalek, J."]
[Result "1/2-1/2"]
[WhiteElo "2117"]
[BlackElo "2377"]
[PlyCount "139"]
[EventDate "2004.??.??"]
[Source "ChessBase"]
[SourceDate "1996.11.15"]

1. e4 c5 2. Nf3 e6 3. b3 a6 4. Bb2 Nc6 5. c4 d6 6. d4 cxd4 7. Nxd4 Bd7 8. g3
Nf6 9. Bg2 Be7 10. O-O Qc7 11. Nc3 Rc8 12. Rc1 Qb8 13. Re1 O-O 14. Nce2 Rfd8
15. Nxc6 Bxc6 16. Nd4 Be8 17. Qe2 Nd7 18. Red1 Nc5 19. Rc3 b5 20. cxb5 axb5 21.
Qg4 Bf6 22. Rf3 Nd7 23. Qh5 b4 24. Re3 Rc5 25. Qe2 Rdc8 26. a4 bxa3 27. Bxa3
Ra5 28. b4 Ra4 29. Nb5 Be7 30. Rb3 Ne5 31. Nc3 Nc4 32. Nxa4 Bxa4 33. Qa2 Bg5
34. Bc1 Bxb3 35. Qxb3 Bd8 36. Bf1 Ne5 37. Bb2 Bb6 38. h3 Qa7 39. Rd2 h5 40.
Bxe5 dxe5 41. Rc2 Rd8 42. Ra2 Qd7 43. b5 g6 44. Ra6 Qd4 45. Qc2 Kg7 46. Ra4 Qd2
47. Ra2 Bxf2+ 48. Kg2 Qxc2 49. Rxc2 Bb6 50. Be2 Kf6 51. Rc6 Rb8 52. Kf3 Rb7 53.
Bd3 Bd4 54. Bc4 Rb8 55. Be2 Ra8 56. Ra6 Rh8 57. Rc6 h4 58. g4 Kg5 59. Bc4 Ra8
60. Ra6 Rf8 61. Rc6 f5 62. gxf5 exf5 63. Be6 Ra8 64. Ra6 Rb8 65. Bf7 Bb6 66.
Bd5 Kf6 67. Ra8 Rxa8 68. Bxa8 Ke7 69. Bd5 Bd4 70. Bc6 1/2-1/2

[Event "Plzen, FSB A"]
[Site "?"]
[Date "2004.??.??"]
[Round "4.15"]
[White "Franchini, G."]
[Black "Vrana, J."]
[Result "1-0"]
[WhiteElo "2215"]
[BlackElo "2074"]
[PlyCount "33"]
[EventDate "2004.??.??"]
[Source "ChessBase"]
[SourceDate "1996.11.15"]

1. e4 e5 2. Nf3 Nc6 3. d4 exd4 4. Nxd4 Qh4 5. Nc3 Bb4 6. Ndb5 Qxe4+ 7. Be2
Bxc3+ 8. bxc3 Kd8 9. O-O Nf6 10. Re1 Re8 11. Be3 a6 12. Nd6 Qd5 13. Nxe8 Qxd1
14. Raxd1 Nxe8 15. Bc4 Nd6 16. Rxd6 cxd6 17. Bb6# 1-0

[Event "Plzen, FSB A"]
[Site "?"]
[Date "2004.??.??"]
[Round "4.16"]
[White "Galicek, S."]
[Black "Spirek, A."]
[Result "1-0"]
[WhiteElo "2181"]
[BlackElo "2049"]
[PlyCount "47"]
[EventDate "2004.??.??"]
[Source "ChessBase"]
[SourceDate "1996.11.15"]

1. d4 Nf6 2. c4 c5 3. d5 b5 4. cxb5 a6 5. b6 Qxb6 6. Nc3 g6 7. e4 d6 8. Nf3 Bg7
9. Be2 O-O 10. Nd2 Bd7 11. a4 a5 12. O-O Na6 13. Nc4 Qc7 14. f4 Rfb8 15. Bf3
Nb4 16. Re1 Ne8 17. e5 Ra6 18. g4 Qd8 19. Be3 e6 20. exd6 Bxc3 21. bxc3 Nxd5
22. Qd2 Qf6 23. Ne5 Nxe3 24. Nxd7 1-0

[Event "Plzen, FSB A"]
[Site "?"]
[Date "2004.??.??"]
[Round "4.17"]
[White "Hodova, L."]
[Black "Bujak, M."]
[Result "1/2-1/2"]
[WhiteElo "2112"]
[BlackElo "2179"]
[PlyCount "83"]
[EventDate "2004.??.??"]
[Source "ChessBase"]
[SourceDate "1996.11.15"]

1. e4 c5 2. Nf3 d6 3. d4 cxd4 4. Nxd4 Nf6 5. Nc3 a6 6. g3 e5 7. Nde2 Bg4 8. Bg2
Qc8 9. h3 Be6 10. Nd5 Nxd5 11. exd5 Bf5 12. c3 Be7 13. g4 Bd7 14. Ng3 g6 15.
Bh6 f5 16. gxf5 Bxf5 17. Nxf5 Qxf5 18. Qg4 Nd7 19. Be4 Qxg4 20. hxg4 Kf7 21. c4
Nf6 22. Bf3 e4 23. Be2 Nd7 24. Rc1 g5 25. Rc3 Bf6 26. Re3 Rae8 27. Rh5 Kg6 28.
Kd2 Bxb2 29. Bxg5 Bd4 30. Reh3 Nf6 31. Bxf6 Bxf6 32. f4 exf3 33. Bd3+ Kg7 34.
Rxf3 h6 35. Bf5 Bg5+ 36. Kd3 Re1 37. Rh2 Rd1+ 38. Kc2 Rd4 39. Kb3 b5 40. cxb5
axb5 41. Be6 Rf8 42. Rxf8 1/2-1/2

[Event "Plzen, FSB A"]
[Site "?"]
[Date "2004.??.??"]
[Round "4.18"]
[White "Vasicek, M."]
[Black "Jenicek, E."]
[Result "1-0"]
[WhiteElo "2175"]
[BlackElo "2021"]
[PlyCount "67"]
[EventDate "2004.??.??"]
[Source "ChessBase"]
[SourceDate "1996.11.15"]

1. d4 Nf6 2. Nf3 d5 3. Bg5 e6 4. e3 Be7 5. Nbd2 Ne4 6. Bxe7 Qxe7 7. Bd3 Nxd2 8.
Qxd2 Nd7 9. c4 dxc4 10. Bxc4 O-O 11. Rc1 Rd8 12. Bd3 e5 13. dxe5 Nc5 14. Rxc5
Qxc5 15. Bxh7+ Kxh7 16. Qxd8 Qc1+ 17. Qd1 Qxb2 18. O-O Bf5 19. Qd5 Bg6 20. Ng5+
Kh6 21. f4 f6 22. Qf3 Bh5 23. g4 fxg5 24. Qh3 g6 25. gxh5 gxf4 26. hxg6+ Kxg6
27. Qg4+ Kh7 28. Qh5+ Kg7 29. Qg5+ Kh7 30. Qh5+ Kg7 31. Kh1 Qc2 32. Rg1+ Kf8
33. Qh8+ Ke7 34. Qf6+ 1-0

[Event "Plzen, FSB A"]
[Site "?"]
[Date "2004.??.??"]
[Round "4.19"]
[White "Jaros, M."]
[Black "Steinhauser, A."]
[Result "1-0"]
[WhiteElo "2169"]
[BlackElo "1714"]
[PlyCount "49"]
[EventDate "2004.??.??"]
[Source "ChessBase"]
[SourceDate "1996.11.15"]

1. e4 c5 2. c3 d5 3. exd5 Qxd5 4. d4 Nf6 5. Nf3 Bg4 6. Be2 e6 7. O-O Nc6 8. h3
Bh5 9. a3 Be7 10. Be3 cxd4 11. cxd4 O-O 12. Nc3 Qd7 13. b4 Rac8 14. Rc1 a6 15.
Qb3 b5 16. Rfd1 Qb7 17. d5 exd5 18. Nxd5 Nxd5 19. Qxd5 Bxf3 20. Bxf3 Rfd8 21.
Qe4 Rxd1+ 22. Rxd1 Bf6 23. Rc1 Bb2 24. Rxc6 Qxc6 25. Qxc6 1-0

[Event "Plzen, FSB A"]
[Site "?"]
[Date "2004.??.??"]
[Round "4.20"]
[White "Kriz, L."]
[Black "Folkova, M."]
[Result "1-0"]
[WhiteElo "2072"]
[BlackElo "2165"]
[PlyCount "61"]
[EventDate "2004.??.??"]
[Source "ChessBase"]
[SourceDate "1996.11.15"]

1. e4 g6 2. d4 c6 3. Nc3 d5 4. f4 h5 5. Be2 dxe4 6. Nxe4 Bg7 7. Nf3 Bg4 8. Be3
Nh6 9. c3 Nf5 10. Bf2 Nd7 11. h3 Bxf3 12. Bxf3 Qc7 13. Qd2 Nb6 14. Ng3 Nc4 15.
Qe2 Ncd6 16. O-O Bh6 17. Nxf5 Nxf5 18. Qe5 O-O-O 19. Qxc7+ Kxc7 20. g4 hxg4 21.
hxg4 Nd6 22. Bg3 e6 23. Bh4 Rde8 24. Bf6 Rh7 25. Be5 f6 26. Bxf6 Bxf4 27. Rae1
Bg3 28. Re2 Kd7 29. Kg2 Rf8 30. Kxg3 Rxf6 31. Bxc6+ 1-0

[Event "Plzen, FSB A"]
[Site "?"]
[Date "2004.??.??"]
[Round "4.21"]
[White "Kudlacek, J."]
[Black "Havlik, J."]
[Result "1-0"]
[WhiteElo "2039"]
[BlackElo "2136"]
[PlyCount "59"]
[EventDate "2004.??.??"]
[Source "ChessBase"]
[SourceDate "1996.11.15"]

1. d4 Nf6 2. c4 g6 3. g3 Bg7 4. Bg2 O-O 5. Nc3 d6 6. Nf3 Nbd7 7. O-O c6 8. Qc2
e5 9. dxe5 Nxe5 10. Nxe5 dxe5 11. e4 Be6 12. b3 Qc8 13. Rd1 Bh3 14. Ba3 Re8 15.
Rd3 Nh5 16. Rad1 Bf8 17. Bxf8 Rxf8 18. Qd2 Ng7 19. Qh6 Bxg2 20. Kxg2 Ne6 21. f4
Nc5 22. Rd6 exf4 23. Qxf4 b5 24. Qe5 Nb7 25. Rd7 b4 26. Na4 c5 27. Qd5 Rb8 28.
e5 Nd8 29. Nxc5 Re8 30. Ne4 1-0

[Event "Plzen, FSB A"]
[Site "?"]
[Date "2004.??.??"]
[Round "4.22"]
[White "Peniska, P."]
[Black "Gross, S."]
[Result "0-1"]
[WhiteElo "2011"]
[BlackElo "2294"]
[PlyCount "82"]
[EventDate "2004.??.??"]
[Source "ChessBase"]
[SourceDate "1996.11.15"]

1. e4 c5 2. Nc3 Nc6 3. g3 e6 4. Bg2 Nf6 5. f4 d5 6. d3 Be7 7. e5 Nd7 8. Nf3 Rb8
9. a4 a6 10. O-O O-O 11. Bd2 b5 12. axb5 axb5 13. Ne2 b4 14. g4 Qb6 15. Kh1 Ba6
16. Re1 b3 17. c3 Bxd3 18. Ng3 Ra8 19. Rxa8 Rxa8 20. f5 Qb5 21. Bg5 Bf8 22.
fxe6 fxe6 23. Bc1 Be7 24. Ng5 Bxg5 25. Bxg5 Bc2 26. Qc1 Rf8 27. Bf4 Qc4 28. Nh5
Bg6 29. Bf1 Qa4 30. Bg3 Qxg4 31. Nf4 Bf5 32. Bg2 Ncxe5 33. Nxe6 Nd3 34. Qg5
Nxe1 35. Qxg4 Bxg4 36. Nxf8 Kxf8 37. Bxe1 Be6 38. Bg3 Ke7 39. Bc7 Nf6 40. Be5
g6 41. Kg1 Ne8 0-1

[Event "Plzen, FSB A"]
[Site "?"]
[Date "2004.??.??"]
[Round "4.23"]
[White "Racek, J."]
[Black "Ionica, I."]
[Result "0-1"]
[WhiteElo "2112"]
[BlackElo "2264"]
[PlyCount "60"]
[EventDate "2004.??.??"]
[Source "ChessBase"]
[SourceDate "1996.11.15"]

1. d4 Nf6 2. c4 Nc6 3. d5 Ne5 4. Qd4 Ng6 5. Nc3 e5 6. dxe6 fxe6 7. Bg5 Bb4 8.
Nf3 d6 9. a3 e5 10. Qd2 Bxc3 11. Qxc3 O-O 12. Qc2 Qe8 13. h4 Nh5 14. g3 e4 15.
Nd2 e3 16. Bxe3 Nxg3 17. h5 Nxh1 18. hxg6 Ng3 19. gxh7+ Kh8 20. Bd4 Nxf1 21.
Nxf1 c5 22. Bc3 Bf5 23. Qd2 Rd8 24. Ng3 Bxh7 25. O-O-O Kg8 26. f3 Qf7 27. Rg1
Qg6 28. e4 Rxf3 29. Ne2 Qxe4 30. Qd5+ Qxd5 0-1

[Event "Plzen, FSB A"]
[Site "?"]
[Date "2004.??.??"]
[Round "4.24"]
[White "Toman, Jan"]
[Black "Tuma, J."]
[Result "0-1"]
[WhiteElo "2103"]
[BlackElo "2192"]
[PlyCount "68"]
[EventDate "2004.??.??"]
[Source "ChessBase"]
[SourceDate "1996.11.15"]

1. d4 d5 2. c4 c6 3. Nf3 Nf6 4. Nc3 e6 5. Bg5 h6 6. Bxf6 Qxf6 7. e3 Nd7 8. Bd3
g6 9. O-O Bg7 10. cxd5 exd5 11. Qc2 O-O 12. b4 Qd6 13. Rab1 Nb6 14. Nd2 Be6 15.
Ne2 f5 16. Rbc1 Rfc8 17. g3 Bf7 18. a4 Nd7 19. Nb3 b6 20. h4 Nf6 21. Nf4 Ne4
22. Ba6 Rc7 23. Kg2 g5 24. hxg5 hxg5 25. Nd3 Re8 26. Bb5 Re6 27. a5 Be8 28.
axb6 axb6 29. Ra1 Rce7 30. Ba6 Nxg3 31. fxg3 Rxe3 32. Rfe1 Qxg3+ 33. Kf1 Rf3+
34. Nf2 Qh3+ 0-1

[Event "Plzen, FSB A"]
[Site "?"]
[Date "2004.??.??"]
[Round "4.25"]
[White "Reitinger, P."]
[Black "Purnoch, J."]
[Result "1/2-1/2"]
[WhiteElo "2090"]
[BlackElo "2184"]
[PlyCount "41"]
[EventDate "2004.??.??"]
[Source "ChessBase"]
[SourceDate "1996.11.15"]

1. e4 c5 2. Nf3 d6 3. d4 cxd4 4. Qxd4 Bd7 5. Bg5 Nc6 6. Qd2 h6 7. Bh4 g6 8. Nc3
Bg7 9. Bg3 Nf6 10. O-O-O Qa5 11. Kb1 Qb4 12. e5 dxe5 13. Nxe5 Nxe5 14. Bxe5 O-O
15. a3 Qb6 16. Bd4 Qa5 17. Bxf6 Bxf6 18. Nd5 Qxd2 19. Nxf6+ exf6 20. Rxd2 Bc6
21. f3 1/2-1/2

[Event "Plzen, FSB A"]
[Site "?"]
[Date "2004.??.??"]
[Round "4.26"]
[White "Hlavac, R."]
[Black "Skacel, J."]
[Result "1-0"]
[WhiteElo "2165"]
[BlackElo "2103"]
[PlyCount "93"]
[EventDate "2004.??.??"]
[Source "ChessBase"]
[SourceDate "1996.11.15"]

1. e4 c5 2. Nf3 Nc6 3. d4 cxd4 4. Nxd4 Nf6 5. Nc3 e6 6. Ndb5 Bb4 7. a3 Bxc3+ 8.
Nxc3 d5 9. exd5 exd5 10. Bd3 O-O 11. O-O h6 12. Bf4 d4 13. Nb5 Nd5 14. Qf3 Be6
15. Rfe1 Qd7 16. Be5 Nxe5 17. Rxe5 Nf6 18. Qf4 Rfd8 19. Rd1 Kh8 20. Bf1 Qc6 21.
Nxd4 Qd6 22. c3 Ng4 23. Re4 Qxf4 24. Rxf4 Nf6 25. Re1 Bd7 26. Rf3 Rac8 27. h3
Kg8 28. Rfe3 a6 29. g3 Kf8 30. Bg2 Rc7 31. Kh2 Re8 32. Rxe8+ Nxe8 33. Bd5 Nd6
34. g4 g5 35. Kg3 b6 36. h4 Rc5 37. Ba2 Bc8 38. f4 Bb7 39. Bb1 a5 40. Bd3 Kg7
41. hxg5 hxg5 42. fxg5 Rxg5 43. Kf4 Kf6 44. Nf5 Nxf5 45. Bxf5 Rg8 46. Rd1 Rb8
47. Rd6+ 1-0

[Event "Plzen, FSB A"]
[Site "?"]
[Date "2004.??.??"]
[Round "4.27"]
[White "Reitingerova, I."]
[Black "Kana, P."]
[Result "0-1"]
[WhiteElo "1841"]
[BlackElo "2159"]
[PlyCount "38"]
[EventDate "2004.??.??"]
[Source "ChessBase"]
[SourceDate "1996.11.15"]

1. e4 Nf6 2. e5 Nd5 3. d4 d6 4. exd6 cxd6 5. Nf3 g6 6. c4 Nb6 7. Nc3 Bg7 8. Bf4
O-O 9. Be2 Bg4 10. Qd3 Nc6 11. Be3 d5 12. cxd5 Nb4 13. Qd2 N4xd5 14. O-O Bxf3
15. Bxf3 Nc4 16. Qe2 Ncxe3 17. fxe3 Nxe3 18. Rfe1 Bxd4 19. Kh1 e5 0-1

[Event "Plzen, FSB A"]
[Site "?"]
[Date "2004.??.??"]
[Round "4.28"]
[White "Beran, B."]
[Black "Malec, J."]
[Result "1/2-1/2"]
[WhiteElo "2158"]
[BlackElo "2079"]
[PlyCount "120"]
[EventDate "2004.??.??"]
[Source "ChessBase"]
[SourceDate "1996.11.15"]

1. c4 Nf6 2. g3 c6 3. Bg2 g6 4. b3 Bg7 5. Bb2 O-O 6. Nf3 d6 7. O-O Bd7 8. d4
Qc8 9. Re1 Bh3 10. Bh1 Na6 11. Nc3 h6 12. e4 Bg4 13. Qd2 Bxf3 14. Bxf3 Qd7 15.
Bg2 Rad8 16. d5 Nc7 17. Rad1 c5 18. a4 Nh7 19. Nb5 a6 20. Nxc7 Qxc7 21. Bxg7
Kxg7 22. Qc3+ f6 23. f4 Kg8 24. e5 dxe5 25. fxe5 f5 26. Qd2 Kg7 27. d6 Qd7 28.
Qc3 e6 29. Qa5 Rc8 30. Qb6 Rf7 31. Qa5 Nf8 32. b4 Qd8 33. Qxd8 Rxd8 34. bxc5
Rc8 35. c6 bxc6 36. Rb1 Nd7 37. a5 g5 38. Rb7 Nxe5 39. Rxf7+ Nxf7 40. Rxe6 c5
41. Bd5 Nd8 42. Re7+ Kf6 43. Rc7 Rb8 44. Rxc5 Ke5 45. d7 Kd6 46. Rc8 Rb1+ 47.
Kf2 Kxd7 48. Ra8 Rb2+ 49. Ke3 Rxh2 50. Rxa6 Rh3 51. Kf2 f4 52. gxf4 gxf4 53.
Rf6 Ra3 54. a6 h5 55. Rh6 Kc7 56. c5 h4 57. Rh7+ Kb8 58. Rh8 Kc7 59. a7 Rxa7
60. Rh7+ Kb8 1/2-1/2

[Event "Plzen, FSB A"]
[Site "?"]
[Date "2004.??.??"]
[Round "4.29"]
[White "Adamek, F."]
[Black "Kalista, K."]
[Result "0-1"]
[WhiteElo "2144"]
[BlackElo "2019"]
[PlyCount "84"]
[EventDate "2004.??.??"]
[Source "ChessBase"]
[SourceDate "1996.11.15"]

1. e4 e6 2. d4 d5 3. Nc3 Nf6 4. Bg5 Be7 5. e5 Nfd7 6. Bxe7 Qxe7 7. f4 O-O 8.
Nf3 c5 9. Nb5 Nc6 10. c3 a6 11. Nd6 f5 12. Be2 b5 13. O-O Nd8 14. a4 b4 15.
cxb4 cxb4 16. Nxc8 Rxc8 17. Bxa6 Rc7 18. Qb3 Nb8 19. Be2 Nf7 20. Rfc1 Rfc8 21.
Qe3 Nc6 22. a5 Nxa5 23. Ba6 Nc4 24. Qe2 Ra8 25. Bxc4 Rxa1 26. Rxa1 dxc4 27.
Ra8+ Nd8 28. h3 h6 29. g4 g6 30. gxf5 gxf5 31. Kh2 c3 32. bxc3 bxc3 33. Qc2 Qd7
34. Ra1 Qb5 35. Rb1 Qc6 36. Rg1+ Rg7 37. Rxg7+ Kxg7 38. Kg3 Qc4 39. Kh4 Nc6 40.
Kh5 Qf1 41. Ng5 hxg5 42. Qxc3 Qxf4 0-1

[Event "Plzen, FSB A"]
[Site "?"]
[Date "2004.??.??"]
[Round "4.30"]
[White "Valickova, M."]
[Black "Chalus, K."]
[Result "0-1"]
[WhiteElo "2063"]
[BlackElo "2123"]
[PlyCount "102"]
[EventDate "2004.??.??"]
[Source "ChessBase"]
[SourceDate "1996.11.15"]

1. e4 e5 2. Nf3 Nc6 3. Bb5 a6 4. Ba4 d6 5. d4 b5 6. Bb3 Nxd4 7. Nxd4 exd4 8.
Qxd4 c5 9. Qd5 Be6 10. Qc6+ Bd7 11. Qd5 c4 12. Bxc4 bxc4 13. Qxc4 Nf6 14. Nc3
Be7 15. O-O O-O 16. Qe2 Qb6 17. Kh1 Bb5 18. Nxb5 Qxb5 19. c4 Qe5 20. f3 Rfe8
21. Rd1 Bf8 22. Be3 d5 23. cxd5 Bd6 24. Bg1 a5 25. g3 Nd7 26. Rac1 Qh5 27. g4
Qg5 28. Rc6 Bf4 29. Bf2 h5 30. h4 Qe5 31. Bd4 Qe7 32. g5 Bg3 33. Rg1 Bf4 34.
Qf2 Ne5 35. Rc2 Ng6 36. Rd1 Qd7 37. Kg2 Rec8 38. Re2 Bd6 39. Be3 Bf4 40. Bd4
Bc1 41. Be3 Bxe3 42. Rxe3 Qd6 43. Kf1 Qf4 44. d6 Rd8 45. Red3 Ne5 46. Rc3 Rd7
47. Rd5 Rad8 48. Rxa5 Rxd6 49. Rd5 Rxd5 50. exd5 Rxd5 51. Qe2 Rd2 0-1

[Event "Plzen, FSB A"]
[Site "?"]
[Date "2004.??.??"]
[Round "4.31"]
[White "Maurer, J."]
[Black "Muk, I."]
[Result "1-0"]
[WhiteElo "2198"]
[BlackElo "1916"]
[PlyCount "69"]
[EventDate "2004.??.??"]
[Source "ChessBase"]
[SourceDate "1996.11.15"]

1. e4 c5 2. Nf3 a6 3. c3 d6 4. d4 Nd7 5. Bd3 Qc7 6. Qe2 e5 7. O-O Ngf6 8. h3 b5
9. Nbd2 Be7 10. a4 c4 11. Bc2 Bb7 12. axb5 axb5 13. Rxa8+ Bxa8 14. b3 cxb3 15.
Bxb3 O-O 16. Bb2 Qb7 17. d5 Nc5 18. Ba3 Nxb3 19. Nxb3 Nd7 20. g4 g6 21. Kh2 f5
22. gxf5 gxf5 23. Rg1+ Kh8 24. Qe3 Qb6 25. Qh6 Bf6 26. Nbd4 Rg8 27. Rxg8+ Kxg8
28. Ng5 Bxg5 29. Qxg5+ Kh8 30. exf5 Nc5 31. Qe7 h5 32. Qe8+ Kh7 33. Qxh5+ Kg7
34. Qg6+ Kf8 35. Bxc5 1-0

[Event "Plzen, FSB A"]
[Site "?"]
[Date "2004.??.??"]
[Round "4.32"]
[White "Koth, S."]
[Black "Vinklarek, O."]
[Result "1-0"]
[WhiteElo "2190"]
[BlackElo "2044"]
[PlyCount "45"]
[EventDate "2004.??.??"]
[Source "ChessBase"]
[SourceDate "1996.11.15"]

1. c4 Nf6 2. Nc3 g6 3. e4 d6 4. d4 Bg7 5. f3 O-O 6. Bg5 a6 7. Qd2 Nc6 8. h4 h5
9. d5 Ne5 10. Be2 Bd7 11. Nh3 Ne8 12. Nf2 Qc8 13. Bxe7 Kh7 14. Bxf8 Bxf8 15. g4
Bh6 16. g5 Bg7 17. Rg1 f5 18. f4 Nf7 19. Bxh5 gxh5 20. g6+ Kg8 21. gxf7+ Kxf7
22. Qe2 Bf6 23. e5 1-0

[Event "Plzen, FSB A"]
[Site "?"]
[Date "2004.??.??"]
[Round "4.33"]
[White "Cvikl, M."]
[Black "Toman, Jar"]
[Result "0-1"]
[WhiteElo "2056"]
[BlackElo "2145"]
[PlyCount "40"]
[EventDate "2004.??.??"]
[Source "ChessBase"]
[SourceDate "1996.11.15"]

1. e4 d6 2. d4 Nf6 3. Nc3 g6 4. Bg5 c6 5. Qd2 b5 6. Bd3 a6 7. h3 Nbd7 8. Bh6
Bxh6 9. Qxh6 c5 10. dxc5 Nxc5 11. Qg7 Rg8 12. Qh6 b4 13. Nd5 Nxd5 14. exd5
Nxd3+ 15. cxd3 Qa5 16. Ne2 Qxd5 17. O-O Bb7 18. Nf4 Qd4 19. Rac1 g5 20. Rc4
gxf4 0-1

[Event "Plzen, FSB A"]
[Site "?"]
[Date "2004.??.??"]
[Round "4.34"]
[White "Pech, V."]
[Black "van der Veen, R."]
[Result "1/2-1/2"]
[WhiteElo "2135"]
[BlackElo "2002"]
[PlyCount "79"]
[EventDate "2004.??.??"]
[Source "ChessBase"]
[SourceDate "1996.11.15"]

1. e4 c6 2. d4 d5 3. e5 Bf5 4. Nc3 e6 5. g4 Bg6 6. Nge2 Be7 7. Be3 Nd7 8. Nf4
Qb6 9. Qd2 Rc8 10. O-O-O a6 11. h4 Bb4 12. Rh3 h6 13. Nxg6 fxg6 14. Bd3 Ne7 15.
f4 c5 16. h5 Nf8 17. Qf2 Bxc3 18. bxc3 c4 19. Bxg6+ Nfxg6 20. hxg6 Nxg6 21. f5
Ne7 22. f6 Rf8 23. Rf3 gxf6 24. exf6 Ng6 25. f7+ Kd7 26. Bxh6 Qa5 27. Bxf8 Nxf8
28. g5 b5 29. Qg3 Qa3+ 30. Kd2 b4 31. Rb1 a5 32. Qg1 Ng6 33. Qf1 Rh8 34. Rh3
Rxh3 35. Qxh3 Qxa2 36. Qf1 Qa3 37. cxb4 axb4 38. Ke2 Qc3 39. f8=N+ Nxf8 40. Qd1
1/2-1/2

[Event "Plzen, FSB A"]
[Site "?"]
[Date "2004.??.??"]
[Round "4.35"]
[White "Pokrupa, M."]
[Black "Voglova, E."]
[Result "1-0"]
[WhiteElo "2122"]
[BlackElo "1988"]
[PlyCount "121"]
[EventDate "2004.??.??"]
[Source "ChessBase"]
[SourceDate "1996.11.15"]

1. Nf3 d5 2. g3 Nf6 3. Bg2 g6 4. b3 Bg7 5. Bb2 c6 6. O-O O-O 7. d3 Nbd7 8. Nbd2
Qc7 9. c4 e6 10. Rc1 b6 11. Rc2 Bb7 12. Qa1 Rfd8 13. Rfc1 Ne8 14. Bxg7 Nxg7 15.
cxd5 exd5 16. b4 Ne6 17. Nb3 Qd6 18. Nbd4 c5 19. Nxe6 Qxe6 20. Ng5 Qe7 21. h4
Rac8 22. bxc5 bxc5 23. Qb2 Rc7 24. Qa3 Ba8 25. d4 Rdc8 26. Bh3 f5 27. Bg2 h6
28. Nh3 Nb6 29. dxc5 Nc4 30. Qa6 Qf7 31. Nf4 Kh7 32. Nxd5 Bxd5 33. Bxd5 Qxd5
34. Qxc4 Qe5 35. c6 Qd6 36. Qd3 Qe6 37. Qb3 Qd6 38. Qa4 Qd5 39. e3 Qd6 40. Rc5
Qe6 41. Qc2 Qd6 42. a4 Qe6 43. a5 Qd6 44. a6 Qe6 45. Qb2 Qd6 46. Qd4 Qe6 47.
Qc4 Qd6 48. Qb5 Kh8 49. Rd5 Qe6 50. Qb2+ Kh7 51. Qd4 Qe7 52. Rd6 Qf7 53. Rd1 h5
54. Rd7 Rxd7 55. Qxd7 Qxd7 56. Rxd7+ Kh8 57. Rd6 Rc7 58. Kg2 Rc8 59. Kf3 Rc7
60. Kf4 Re7 61. Rd4 1-0

[Event "Plzen, FSB A"]
[Site "?"]
[Date "2004.??.??"]
[Round "4.36"]
[White "Vladyka, V."]
[Black "Gutdeutsch, O."]
[Result "1/2-1/2"]
[WhiteElo "2048"]
[BlackElo "2116"]
[PlyCount "36"]
[EventDate "2004.??.??"]
[Source "ChessBase"]
[SourceDate "1996.11.15"]

1. e4 d5 2. exd5 Qxd5 3. Nc3 Qa5 4. d4 Nf6 5. Nf3 Bg4 6. Be2 e6 7. O-O Bd6 8.
h3 Bxf3 9. Bxf3 c6 10. Be3 Nbd7 11. Qd2 h6 12. Ne4 Qc7 13. Nxd6+ Qxd6 14. c4
Nf8 15. Bf4 Qd7 16. Rad1 Ng6 17. Rfe1 Nxf4 18. Qxf4 O-O-O 1/2-1/2

[Event "Plzen, FSB A"]
[Site "?"]
[Date "2004.??.??"]
[Round "4.37"]
[White "Cecil, P."]
[Black "Fruehauf, N."]
[Result "1-0"]
[WhiteElo "2042"]
[BlackElo "2097"]
[PlyCount "83"]
[EventDate "2004.??.??"]
[Source "ChessBase"]
[SourceDate "1996.11.15"]

1. Nf3 Nf6 2. g3 g6 3. Bg2 Bg7 4. O-O O-O 5. d3 d5 6. Nbd2 Nc6 7. c3 Rb8 8. Qc2
e5 9. e4 dxe4 10. dxe4 Qe7 11. b3 Rd8 12. Nc4 h6 13. Ba3 Qe8 14. Rad1 Bg4 15.
Ne3 Be6 16. Rd2 Rxd2 17. Nxd2 Rd8 18. Ndc4 Bf8 19. Bb2 b5 20. Na3 a6 21. Rd1
Bc5 22. Nd5 Bxd5 23. exd5 Ne7 24. c4 b4 25. Bxe5 Ng4 26. Bd4 Nxf2 27. Bxf2
Bxf2+ 28. Qxf2 bxa3 29. Re1 Qd7 30. Bh3 Qxh3 31. Rxe7 Rf8 32. Rxc7 Qg4 33. Re7
h5 34. Kg2 h4 35. h3 Qg5 36. Qe3 Qf5 37. gxh4 Rd8 38. Kg3 Kf8 39. Re5 Qc2 40.
h5 Kg8 41. hxg6 fxg6 42. Re7 1-0

[Event "Plzen, FSB A"]
[Site "?"]
[Date "2004.??.??"]
[Round "4.38"]
[White "Novy, V."]
[Black "Vlcek, J."]
[Result "1-0"]
[WhiteElo "2093"]
[BlackElo "1976"]
[PlyCount "51"]
[EventDate "2004.??.??"]
[Source "ChessBase"]
[SourceDate "1996.11.15"]

1. e4 c5 2. Nc3 Nc6 3. Bb5 Nd4 4. Bc4 e6 5. Nf3 Nxf3+ 6. Qxf3 a6 7. a4 Qc7 8.
d3 g6 9. Bb3 Bg7 10. Bf4 Qa5 11. O-O Ne7 12. Bd6 Nc6 13. Nd5 exd5 14. exd5 Ne5
15. Qe2 f6 16. f4 c4 17. fxe5 Kf7 18. dxc4 Re8 19. Qf2 Qd8 20. g4 f5 21. gxf5
Bxe5 22. fxg6+ Kxg6 23. Qf5+ Kh6 24. Bxe5 Qb6+ 25. Kh1 d6 26. Qf6+ 1-0

[Event "Plzen, FSB A"]
[Site "?"]
[Date "2004.??.??"]
[Round "4.39"]
[White "Jina, L."]
[Black "de Cauter, W."]
[Result "1/2-1/2"]
[WhiteElo "1943"]
[BlackElo "2089"]
[PlyCount "47"]
[EventDate "2004.??.??"]
[Source "ChessBase"]
[SourceDate "1996.11.15"]

1. d4 f5 2. Nf3 Nf6 3. e3 b6 4. Be2 Bb7 5. c4 e6 6. O-O Be7 7. Nbd2 O-O 8. b3
Qe8 9. Bb2 Qg6 10. Nh4 Qh6 11. Nhf3 Ng4 12. h3 Nf6 13. Ne1 Kh8 14. Bf3 d5 15.
cxd5 exd5 16. Nd3 Nbd7 17. Rc1 Bd6 18. Ne5 Rae8 19. Nxd7 Nxd7 20. Nc4 Be7 21.
Ne5 Nxe5 22. dxe5 c6 23. Qd3 Bg5 24. Rc2 1/2-1/2

[Event "Plzen, FSB A"]
[Site "?"]
[Date "2004.??.??"]
[Round "4.40"]
[White "Hejl, J."]
[Black "Cekan, P."]
[Result "1/2-1/2"]
[WhiteElo "2081"]
[BlackElo "1894"]
[PlyCount "50"]
[EventDate "2004.??.??"]
[Source "ChessBase"]
[SourceDate "1996.11.15"]

1. d4 Nf6 2. c4 e6 3. Nf3 d5 4. Bg5 Bb4+ 5. Nc3 Bxc3+ 6. bxc3 b6 7. e3 Ba6 8.
Bxf6 Qxf6 9. Qa4+ c6 10. Ne5 O-O 11. Nxc6 Bxc4 12. Nxb8 b5 13. Nd7 Qe7 14. Qb4
Qxd7 15. Bxc4 bxc4 16. Rb1 Qc7 17. O-O Rab8 18. Qa4 Rb7 19. Rb4 Rfb8 20. Rfb1
g6 21. g3 Kg7 22. Kg2 a5 23. Rxb7 Rxb7 24. Rxb7 Qxb7 25. Qxa5 Qb1 1/2-1/2

[Event "Plzen, FSB A"]
[Site "?"]
[Date "2004.??.??"]
[Round "4.41"]
[White "Mitterhuemer, G."]
[Black "Petera, L."]
[Result "1-0"]
[WhiteElo "2075"]
[BlackElo "1851"]
[PlyCount "85"]
[EventDate "2004.??.??"]
[Source "ChessBase"]
[SourceDate "1996.11.15"]

1. e4 c5 2. Nc3 Nc6 3. g3 d6 4. Bg2 Nf6 5. f4 Bd7 6. d3 e6 7. Nf3 Be7 8. O-O
O-O 9. h3 Rb8 10. Be3 b5 11. g4 Qc7 12. g5 Ne8 13. Nh2 b4 14. Ne2 f5 15. gxf6
Nxf6 16. Ng3 a5 17. Ng4 a4 18. f5 Nd8 19. Bg5 exf5 20. Nxf5 Bxf5 21. exf5 Nxg4
22. Qxg4 Bxg5 23. Qxg5 Rf6 24. Bd5+ Nf7 25. Rae1 Kh8 26. Qg3 Ne5 27. Kh1 Rbf8
28. Be4 Nc6 29. Rf2 Nd4 30. c3 bxc3 31. bxc3 Nb5 32. Rc2 Qa5 33. Rg1 Qa7 34.
Qe1 Nc7 35. Rcg2 Rg8 36. Bc6 Qa6 37. Qe4 d5 38. Bxd5 Nxd5 39. Rxg7 Rff8 40.
Rxg8+ Rxg8 41. Rxg8+ Kxg8 42. Qxd5+ Kg7 43. Qe5+ 1-0